[Event "Locri op 3rd"]
[Site "Locri"]
[Date "2015.07.15"]
[Round "3"]
[White "Strangio, Giuseppe"]
[Black "Mercuri, Delia"]
[Result "0-1"]
[WhiteElo "1468"]
[BlackElo "1556"]
[PlyCount "58"]
[EventDate "2015.07.13"]
[EventType "swiss"]
[EventRounds "9"]
[EventCountry "ITA"]
[SourceTitle "EXT 2024"]
[Source "ChessBase"]
[SourceDate "2023.10.10"]
[SourceVersion "1"]
[SourceVersionDate "2023.10.10"]
[SourceQuality "1"]

1. e4 e6 2. d4 d5 3. e5 c5 4. c3 cxd4 5. cxd4 Ne7 6. Nf3 Qb6 7. Be2 Nbc6 8. Na3 a6 9. 0-0 Nf5 10. Nc2 Nb4 11. Nxb4 Bxb4 12. a3 Be7 13. b4 0-0 14. Bb2 Bd7 15. Qd2 Rac8 16. Rac1 Bb5 17. Bxb5 Qxb5 18. Rxc8 Rxc8 19. Ne1 Qc4 20. g4 Nh4 21. f4 Qb3 22. Kh1 f5 23. gxf5 Nxf5 24. Rg1 g6 25. Bc1 Bh4 26. Ng2 Rc2 27. Qd1 Bf2 28. Rf1 Bxd4 29. Qf3 Qxf3 0-1

[Event "Locri op 3rd"]
[Site "Locri"]
[Date "2015.07.14"]
[Round "2"]
[White "Mercuri, Delia"]
[Black "Rocchetti, Marco"]
[Result "0-1"]
[WhiteElo "1556"]
[BlackElo "1852"]
[PlyCount "140"]
[EventDate "2015.07.13"]
[EventType "swiss"]
[EventRounds "9"]
[EventCountry "ITA"]
[SourceTitle "EXT 2024"]
[Source "ChessBase"]
[SourceDate "2023.10.10"]
[SourceVersion "1"]
[SourceVersionDate "2023.10.10"]
[SourceQuality "1"]

1. e4 d6 2. d4 Nd7 3. Nf3 g6 4. Bc4 Bg7 5. Bxf7+ Kf8 6. Ng5 Ndf6 7. Nc3 Bg4 8. f3 Bd7 9. Ne6+ Bxe6 10. Bxe6 c6 11. 0-0 Qb6 12. Kh1 Ne8 13. Rb1 Qxd4 14. Qe2 Nc7 15. Rd1 Qf6 16. Bb3 b5 17. Be3 Qh4 18. Bf2 Qh5 19. a3 Be5 20. g3 Nh6 21. f4 Ng4 22. Bd4 Bxd4 23. Rxd4 Kg7 24. Rd2 Qh3 25. e5 d5 26. Qg2 Qxg2+ 27. Kxg2 e6 28. Ne2 c5 29. c3 h5 30. h4 Rhf8 31. Ng1 Rac8 32. Nh3 Rfd8 33. Ng5 a6 34. Bd1 Ne3+ 35. Kf2 Nxd1+ 36. Rbxd1 Re8 37. Kf3 Re7 38. Kf2 Ne8 39. Nf3 Kh6 40. Ng5 Ng7 41. Nf3 a5 42. b4 axb4 43. axb4 cxb4 44. cxb4 Rc4 45. Nd4 Rb7 46. Rb1 Rb6 47. Ke2 Nf5 48. Nxf5+ gxf5 49. Rb3 Ra6 50. Ke3 Kg6 51. Ke2 Kf7 52. Kd3 Ra1 53. Ke2 Ke7 54. Rdb2 Kd7 55. Kd2 Ra4 56. Kd3 Ra1 57. Rb1 Ra4 58. Kd2 Kc6 59. Kd3 d4 60. Kd2 Ra2+ 61. R1b2 Ra4 62. Kd3 Kd5 63. Kd2 Ke4 64. Ke2 Ra1 65. Rd2 Rh1 66. Kf2 Rh2+ 67. Ke1 Rc1+ 68. Rd1 Rh1+ 69. Ke2 Rhxd1 70. Ra3 Ra1 0-1

[Event "Reggio Calabria Province-ch"]
[Site "Calabria"]
[Date "2012.05.05"]
[Round "2"]
[White "Familari, Giuseppe"]
[Black "Mercuri, Delia"]
[Result "1-0"]
[WhiteElo "1958"]
[BlackElo "1655"]
[PlyCount "77"]
[EventDate "2012.05.04"]
[EventType "swiss"]
[EventRounds "5"]
[EventCountry "ITA"]
[SourceTitle "EXT 2014"]
[Source "ChessBase"]
[SourceDate "2013.11.20"]
[SourceVersion "1"]
[SourceVersionDate "2013.11.20"]
[SourceQuality "1"]

1. e4 e5 2. Bc4 Nf6 3. d3 d5 4. exd5 Bg4 5. Nf3 Nxd5 6. h3 Bh5 7. g4 Bg6 8. Nxe5 Qe7 9. 0-0 Qd6 10. Re1 Be7 11. b3 Nd7 12. Ba3 c5 13. Nxd7 Qxd7 14. Bxc5 0-0 15. Bxe7 Nxe7 16. d4 Rad8 17. c3 b5 18. Bxb5 Qxb5 19. Rxe7 Qg5 20. Re3 h5 21. Nd2 f5 22. Nf3 Qf6 23. g5 Qd6 24. Ne5 f4 25. Re1 Be8 26. Qf3 h4 27. Kh2 Rf5 28. Rg1 g6 29. Rg4 Rc8 30. Rd1 a5 31. c4 Qa3 32. Qb7 Rd8 33. Qc7 Rd6 34. Rxh4 Rxe5 35. Qh7+ Kf8 36. Qh8+ Ke7 37. Qxe5+ Kd8 38. Rh7 Rb6 39. Qc7# 1-0

[Event "Costa Viola op-B 5th"]
[Site "Palmi"]
[Date "2012.01.05"]
[Round "6"]
[White "Santeramo, Cristina"]
[Black "Mercuri, Delia"]
[Result "0-1"]
[WhiteElo "1550"]
[BlackElo "1673"]
[PlyCount "108"]
[EventDate "2012.01.02"]
[EventType "swiss"]
[EventRounds "8"]
[EventCountry "ITA"]
[SourceTitle "EXT 2023"]
[Source "ChessBase"]
[SourceDate "2022.10.05"]
[SourceVersion "1"]
[SourceVersionDate "2022.10.05"]
[SourceQuality "1"]

1. e4 e5 2. Nf3 d6 3. Nc3 Nf6 4. Bc4 Be6 5. Bb3 Bxb3 6. axb3 Be7 7. d3 Nbd7 8. Be3 a6 9. 0-0 0-0 10. Re1 c5 11. Nd2 Ne8 12. Qg4 Nef6 13. Qg3 Nh5 14. Qg4 Nf4 15. Nf1 Nf6 16. Qf3 Ne6 17. Qd1 Nd4 18. f4 Nd7 19. f5 Bg5 20. Bxd4 cxd4 21. Nd5 Nb6 22. Nxb6 Qxb6 23. Qg4 Qd8 24. Ng3 Rc8 25. Re2 g6 26. Ra4 Be3+ 27. Kh1 Kh8 28. Nf1 Bf4 29. g3 Bh6 30. h4 Rc7 31. Rg2 Qc8 32. Rc4 Bc1 33. c3 b5 34. Rxc7 Qxc7 35. cxd4 exd4 36. Qf3 Bh6 37. f6 Qc1 38. Kh2 Re8 39. g4 Bf4+ 40. Kh3 Be5 41. g5 h6 42. Qf2 Qc8+ 43. Rg4 h5 44. Qg2 hxg4+ 45. Qxg4 Qxg4+ 46. Kxg4 Rc8 47. Ng3 Rc2 48. h5 Rg2 49. hxg6 fxg6 50. f7 Rxg3+ 51. Kh4 Kg7 52. b4 Rg1 53. Kh3 Kxf7 54. Kh4 Rd1 0-1

[Event "Bagnara Calabra op-B"]
[Site "Bagnara Calabra"]
[Date "2009.01.05"]
[Round "6"]
[White "Fico, Tommaso"]
[Black "Mercuri, Delia"]
[Result "1-0"]
[WhiteElo "1583"]
[BlackElo "1442"]
[PlyCount "120"]
[EventDate "2009.01.02"]
[EventType "swiss"]
[EventRounds "7"]
[EventCountry "ITA"]
[SourceTitle "CBM 128 Extra"]
[Source "ChessBase"]
[SourceDate "2009.03.05"]
[SourceVersion "2"]
[SourceVersionDate "2009.03.25"]
[SourceQuality "1"]

1. e4 e5 2. Nf3 Nf6 3. d3 Nc6 4. Be2 Be7 5. c3 0-0 6. b4 d5 7. Nbd2 dxe4 8. dxe4 Bg4 9. b5 Bxf3 10. gxf3 Na5 11. Rg1 Kh8 12. Qc2 Qd7 13. Nf1 Rad8 14. Ne3 Nh5 15. Nf5 Bf6 16. Rg4 b6 17. Be3 Qe6 18. a4 Nc4 19. Qa2 Nxe3 20. fxe3 Qxa2 21. Rxa2 g6 22. Ng3 Nxg3 23. Rxg3 Bh4 24. Bc4 Bxg3+ 25. hxg3 f5 26. Bd5 fxe4 27. Bxe4 Rd6 28. c4 Rfd8 29. Bd5 Kg7 30. e4 Rf8 31. Ke2 Rdf6 32. Ra3 g5 33. g4 Rh8 34. Rd3 h5 35. Bc6 h4 36. Kf2 Rd6 37. Rxd6 cxd6 38. Bd7 h3 39. Kg1 h2+ 40. Kh1 Rh3 41. f4 exf4 42. e5 dxe5 43. c5 bxc5 44. a5 f3 45. b6 axb6 46. a6 f2 47. Bb5 Ra3 48. Kxh2 Ra2 49. Kg2 Kf6 50. Bc4 e4 51. Bxa2 e3 52. Bc4 Ke5 53. a7 Kd4 54. Bf1 c4 55. a8Q b5 56. Qa6 e2 57. Bxe2 Ke3 58. Kf1 Kd2 59. Qxb5 c3 60. Qd3+ Kc1 1-0

[Event "Bagnara Calabra op-B"]
[Site "Bagnara Calabra"]
[Date "2009.01.04"]
[Round "4"]
[White "Vallone, Rosario"]
[Black "Mercuri, Delia"]
[Result "1-0"]
[WhiteElo "1524"]
[BlackElo "1442"]
[PlyCount "89"]
[EventDate "2009.01.02"]
[EventType "swiss"]
[EventRounds "7"]
[EventCountry "ITA"]
[SourceTitle "CBM 128 Extra"]
[Source "ChessBase"]
[SourceDate "2009.03.05"]
[SourceVersion "2"]
[SourceVersionDate "2009.03.25"]
[SourceQuality "1"]

1. e4 e5 2. Nf3 Nf6 3. Nc3 Nc6 4. Bc4 Bc5 5. d3 h6 6. Be3 Bb4 7. a3 Bxc3+ 8. bxc3 0-0 9. 0-0 d5 10. exd5 Nxd5 11. Qd2 Kh7 12. Ne1 f5 13. f4 Nxe3 14. Qxe3 Qf6 15. fxe5 Nxe5 16. Nf3 Nxc4 17. dxc4 Be6 18. c5 Rae8 19. Qd4 Qd8 20. Rad1 c6 21. Qa4 Qb8 22. Rd6 Bd5 23. Qh4 Kg8 24. c4 Re4 25. Qg3 Rxc4 26. Ne5 Rxc2 27. Nf3 Qe8 28. Re1 Qf7 29. h4 f4 30. Qg4 Rxc5 31. Rd7 Qf6 32. Ree7 Bf7 33. Rxb7 Rc1+ 34. Kh2 Qa1 35. Qxf4 Rh1+ 36. Kg3 Qa2 37. Rxa7 Rc1 38. Ne5 Rc3+ 39. Kh2 Rh3+ 40. Kxh3 Be6+ 41. Kh2 Rxf4 42. Rxg7+ Kf8 43. Ng6+ Ke8 44. Ra8+ Bc8 45. Rxc8# 1-0

[Event "Locri op 1st"]
[Site "Locri"]
[Date "2007.11.03"]
[Round "4"]
[White "Alvaro, Francesco"]
[Black "Mercuri, Delia"]
[Result "1-0"]
[WhiteElo "1449"]
[BlackElo "1463"]
[PlyCount "75"]
[EventDate "2007.11.01"]
[EventType "swiss"]
[EventRounds "7"]
[EventCountry "ITA"]
[SourceTitle "EXT 2010"]
[Source "ChessBase"]
[SourceDate "2010.11.25"]
[SourceVersion "1"]
[SourceVersionDate "2010.11.25"]
[SourceQuality "1"]

1. e4 e5 2. Nf3 Nf6 3. Nc3 Bb4 4. a3 Bxc3 5. dxc3 d6 6. Bd3 0-0 7. Bg5 Bg4 8. h3 Bh5 9. Qe2 Nbd7 10. g4 Bg6 11. h4 h6 12. Bxf6 Nxf6 13. g5 Nh5 14. 0-0-0 Nf4 15. Qd2 h5 16. Rdg1 Qe7 17. Ne1 Qe6 18. c4 Rad8 19. Ng2 Nh3 20. Rf1 c6 21. f4 exf4 22. Rf3 d5 23. cxd5 cxd5 24. exd5 Rxd5 25. Rhxh3 Re5 26. Rh1 Qa2 27. Kd1 Qxb2 28. Nxf4 Rfe8 29. Rff1 Qa1+ 30. Qc1 Qd4 31. Nxg6 Qg4+ 32. Kd2 Qg2+ 33. Kd1 Qg4+ 34. Kd2 Qg2+ 35. Kc3 Rc8+ 36. Kb2 fxg6 37. Re1 Rxe1 38. Rxe1 1-0